000 00295nam a22001337a 4500
008 170502b xxu||||| |||| 00| 0 eng d
020 _a000000023016
041 _aeng
080 _a342
100 _a13
101 _aSHM
245 _aSEPRATION OF CHURCH AND STATE
_cHAAS, C
942 _2udc
_cBK
999 _c12344
_d12344